Návrh opatrení v oblasti uplatňovania udržateľnej logistiky v priemyselnom podniku alu-one SLOVAKIA, s.r.o., Trnava
Guardado en:
| Autor principal: | |
|---|---|
| Otros Autores: | |
| Formato: | Manuscrito Libro |
| Lenguaje: | eslovaco |
| Publicado: |
2018
|
| Materias: | |
| Acceso en línea: | http://is.stuba.sk/zp/portal_zp.pl?podrobnosti=146431 |
| Etiquetas: |
Sin Etiquetas, Sea el primero en etiquetar este registro!
|
MARC
| LEADER | 00000ntm a22000003a 4500 | ||
|---|---|---|---|
| 001 | stuzp67028 | ||
| 003 | SK-STU | ||
| 005 | 20180820153929.3 | ||
| 007 | ta | ||
| 008 | 150427s2015----xo-----f-mn---000-0-slo-d | ||
| 040 | |a STU |b slo | ||
| 041 | 0 | |a slo | |
| 100 | 1 | |a Bohunická, Silvia |u 064000 |4 aut |U MTF Materiálovotechnologická fakulta |T MTF Ústav priemyselného inžinierstva a manažmentu |X 82544 |U M4000 |Y 84 |7 82544 | |
| 242 | 0 | 1 | |a Proposal for measures within application of the sustainable logistics in industrial enterprise alu-one SLOVAKIA, s.r.o., Trnava |y eng |
| 245 | 1 | 0 | |a Návrh opatrení v oblasti uplatňovania udržateľnej logistiky v priemyselnom podniku alu-one SLOVAKIA, s.r.o., Trnava |
| 260 | |c 2018 | ||
| 650 | 4 | |a industry factory |2 eng | |
| 650 | 4 | |a production logistics |2 eng | |
| 650 | 4 | |a sustainable logistics |2 eng | |
| 650 | 4 | |a logistics |2 eng | |
| 650 | 4 | |a priemyselný podnik |2 slo | |
| 650 | 4 | |a výrobná logistika |2 slo | |
| 650 | 4 | |a udržateľná logistika |2 slo | |
| 650 | 4 | |a logistika |2 slo | |
| 700 | 1 | |a Fidlerová, Helena |u 064000 |k Z2 |4 ths |U MTF Materiálovotechnologická fakulta |T MTF Ústav priemyselného inžinierstva a manažmentu |X 3662 |U M4000 |Y 84 |7 A000003662 | |
| 856 | 4 | |u http://is.stuba.sk/zp/portal_zp.pl?podrobnosti=146431 | |
| 996 | |c M* BP-8424 |l MMSKP |s P |a 0 |w stuzp67028_0001 | ||